NFL Trivia 1 - Statistics

General Stats
  • This quiz has been taken 37 times
  • The average score is 12 of 31
Answer Stats
Question Answer % Correct
The Rams win their first Super Bowl since moving back to Los Angeles, defeating the Bengals. 2021
87%
The NFL holds a draft entirely online due to the COVID-19 pandemic. Joe Burrow goes #1. 2020
77%
Tom Brady leads the Patriots to a 28–3 comeback win over the Falcons in the Super Bowl. 2016
74%
Cam Newton goes #1 overall in the draft; the NFL returns after a lockout. 2011
71%
Peyton Manning retires after winning the Super Bowl with the Broncos. 2015
71%
Patrick Mahomes wins his first MVP award and throws for over 5,000 yards and 50 TDs. 2018
65%
The NFL officially expands to 32 teams with the addition of the Houston Texans. 2002
45%
The Giants shock the undefeated Patriots in the Super Bowl, thanks to the Helmet Catch. 2007
45%
Brett Favre retires... then un-retires to play for the Jets. 2008
45%
The Miami Dolphins complete the only perfect season in NFL history. 1972
42%
The Buccaneers win their first Super Bowl in franchise history, led by Jon Gruden. 2002
39%
The Legion of Boom dominates the Broncos 43–8 in the Super Bowl. 2013
39%
The Eagles win their first Super Bowl, with Nick Foles outdueling Tom Brady. 2017
39%
The NFL adds a 17th regular-season game. 2021
39%
The Saints win their first Super Bowl, defeating Peyton Manning and the Colts. 2009
35%
The NFL introduces the “no head-to-head contact” rule, increasing penalties for hits on defenseless players. 2010
35%
The Minnesota Vikings go 15-1 but lose in the NFC Championship to the Atlanta Falcons. 1998
32%
The Texans and Panthers both play their first season in the NFL. 2002
32%
The Denver Broncos trade for Peyton Manning, leading to their Super Bowl 50 win. 2012
32%
Aaron Rodgers is drafted—famously slipping in the first round to the Packers. 2005
29%
The New England Patriots set an NFL record with 18 regular-season wins but fall short in the Super Bowl to the New York Giants. 2007
29%
The Dallas Cowboys beat the Buffalo Bills in Super Bowl XXVII, leading to a 52-point blowout. 1993
26%
Derrick Henry rushes for 2,000+ yards and stiff-arms his way through the AFC South. 2020
26%
Deion Sanders and Bruce Smith are among the first players inducted into the NFL Hall of Fame. 2011
23%
Aaron Rodgers throws for 4 touchdowns in the Packers’ 38-7 victory over the Steelers in Super Bowl XLV. 2010
19%
Colin Kaepernick takes a knee during the national anthem, sparking a league-wide conversation. 2016
19%
Brock Purdy, the "Mr. Irrelevant" of the 2022 NFL Draft, leads the 49ers to the NFC Championship game. 2022
19%
Tony Romo fumbles the hold on a game-winning field goal against the Seahawks in the playoffs. 2006
16%
Michael Vick returns to the NFL and starts for the Eagles after serving time in prison. 2010
16%
The Pittsburgh Steelers win Super Bowl XL, with a late touchdown by Hines Ward. 2005
13%
The NFL holds the first-ever "Monday Night Football" game between the Browns and Jets, marking a new era in prime-time broadcasting. 1970
10%
No matching quizzes found
Score Distribution
Percent of People with Each Score
Percentile by Number Answered
Your Score History
You have not taken this quiz